[Event "Nakhchivan Open 2018"]
[Site "Nakhchivan AZE"]
[Date "2018.05.07"]
[Round "6.10"]
[White "Abbasov, Farid"]
[Black "Pasiev, Rakhim"]
[Result "1-0"]
[WhiteTitle "GM"]
[BlackTitle "IM"]
[WhiteElo "2531"]
[BlackElo "2416"]
[WhiteFideId "13400665"]
[BlackFideId "24122475"]
[EventDate "2018.05.01"]

1. d4 e6 2. c4 f5 3. Nc3 Nf6 4. e3 b6 5. Bd3 Bb7 6. f3 c5 7. Nge2 Nc6 8. O-O
cxd4 9. exd4 Bd6 10. Nb5 Bb8 11. Bf4 O-O 12. Qd2 Ba6 13. a4 Qe7 14. Bxb8 Raxb8
15. Rfe1 Qb4 16. Qxb4 Nxb4 17. Bb1 Nc6 18. Ba2 Bxb5 19. axb5 Nb4 20. Bb3 Ra8 21.
Ra4 a5 22. bxa6 Nxa6 23. Rea1 Nc7 24. Ra7 b5 25. Rxa8 Rxa8 26. Rxa8+ Nxa8 27.
cxb5 Nb6 28. Kf2 Kf8 29. h4 Ke7 30. Ke3 h6 31. Kd2 g5 32. hxg5 hxg5 33. Nc3 Kd6
34. Kd3 Nh5 35. Ne2 Nf6 36. Ba2 Kc7 37. Nc3 Kd6 38. Bb3 Kc7 39. Ke3 d5 40. Ba2
Ne8 41. b3 Nd6 42. Bb1 Nb7 43. Bc2 Nd6 44. Bd3 Ndc8 45. Kd2 Kd6 46. Na4 f4 47.
Kc3 e5 48. Bf5 exd4+ 49. Kxd4 Ne7 50. Bd3 Nd7 51. b4 Ne5 52. Nc5 Nxd3 53. Kxd3
Nf5 54. b6 Kc6 55. b7 Kc7 56. b5 Kb8 57. b6 Ne7 58. Kd4 Nc6+ 59. Kxd5 Ne7+ 60.
Ke6 Ng6 61. Kd6 1-0

[Event "Nakhchivan Open 2018"]
[Site "Nakhchivan AZE"]
[Date "2018.05.07"]
[Round "6.11"]
[White "Khalafova, Narmin"]
[Black "Beradze, Irakli"]
[Result "0-1"]
[WhiteTitle "WGM"]
[BlackTitle "IM"]
[WhiteElo "2256"]
[BlackElo "2486"]
[WhiteFideId "13402625"]
[BlackFideId "13604597"]
[EventDate "2018.05.01"]

1. e4 e5 2. Nf3 Nc6 3. Bc4 Bc5 4. O-O Nf6 5. d3 d6 6. c3 a6 7. Bb3 h6 8. Nbd2
O-O 9. h3 Re8 10. Re1 Be6 11. Bxe6 Rxe6 12. b4 Ba7 13. a4 b5 14. Nb3 Re8 15. Be3
Bxe3 16. Rxe3 Qd7 17. Re2 Nh5 18. Rea2 Rad8 19. Nh4 Nf4 20. Nf5 Ne7 21. Ne3 f5
22. h4 Rf8 23. axb5 axb5 24. g3 Ne6 25. exf5 Nxf5 26. Nxf5 Rxf5 27. d4 Rdf8 28.
dxe5 Rxe5 29. Nd4 Nxd4 30. Qxd4 Qc6 31. Rd2 Rfe8 32. Rf1 Kh8 33. Ra2 Re4 34. Qd3
Rc4 35. Ra3 Rce4 36. Ra5 R8e5 37. Raa1 Kg8 38. Ra3 Re6 39. Ra5 R6e5 40. Ra3 Re8
41. Ra5 R4e5 42. Ra3 Re2 43. Raa1 R8e3 44. Qg6 Rxc3 45. Rae1 Rcc2 46. Rxe2 Rxe2
47. Qd3 Re4 48. Qf3 Rc4 49. Qf5 Rc1 50. Rxc1 Qxc1+ 51. Kh2 Qc4 52. Kg1 Qc1+ 53.
Kh2 Qc6 54. Qe6+ Kf8 55. Kg1 Qe8 56. Qf5+ Ke7 57. Qd5 Kd8 58. Kg2 Qe5 59. Qc6
Qf5 60. Qa8+ Kd7 61. Qb7 Qd3 62. Qa8 Qd4 63. Qf3 Ke6 64. Qe2+ Qe5 65. Qc2 c5 66.
Qg6+ Kd5 67. Qf7+ Kd4 68. bxc5 dxc5 69. Kf1 c4 70. Qd7+ Kc5 71. Qc8+ Kb4 72. f4
Qd4 73. Qe6 c3 74. Qe7+ Kb3 75. Qb7 Qc4+ 76. Kf2 c2 77. Qf3+ Kb2 0-1

[Event "Nakhchivan Open 2018"]
[Site "Nakhchivan AZE"]
[Date "2018.05.07"]
[Round "6.12"]
[White "Muradli, Mahammad"]
[Black "Asadli, Vugar"]
[Result "1/2-1/2"]
[WhiteTitle "IM"]
[BlackTitle "IM"]
[WhiteElo "2417"]
[BlackElo "2470"]
[WhiteFideId "13409301"]
[BlackFideId "13405764"]
[EventDate "2018.05.01"]

1. d4 Nf6 2. c4 g6 3. Nc3 d5 4. Bg5 Bg7 5. Bxf6 Bxf6 6. cxd5 c6 7. Rc1 O-O 8.
dxc6 Bxd4 9. cxb7 Bxb7 10. e3 Bxc3+ 11. Rxc3 Qa5 12. a3 Rd8 13. Qb3 Qf5 14. Ne2
Qd7 15. Qc2 Nc6 16. Nf4 Ne5 17. Be2 Rac8 18. O-O Rxc3 19. Qxc3 Qf5 20. h4 h6 21.
Rd1 Rc8 22. Qb4 Rc7 23. Nd3 Nxd3 24. Bxd3 Qd5 25. Qg4 h5 26. Qg3 Rc8 27. Be2 Qf5
28. Bf3 Bxf3 29. Qxf3 Qe5 30. Qe2 Qe4 31. Rd4 Qb1+ 32. Rd1 Qe4 33. Rd4 Qb1+ 34.
Kh2 e5 35. Rd3 Rc1 36. Qd2 Kg7 37. Kg3 Rc2 38. Qb4 Qf1 39. Rd2 Rc4 40. Rd1 Rxb4
41. Rxf1 Rxb2 42. Rc1 Rb3 43. Rc5 1/2-1/2

[Event "Nakhchivan Open 2018"]
[Site "Nakhchivan AZE"]
[Date "2018.05.08"]
[Round "7.1"]
[White "Mamedov, Nidjat"]
[Black "Safarli, Eltaj"]
[Result "1/2-1/2"]
[WhiteTitle "GM"]
[BlackTitle "GM"]
[WhiteElo "2602"]
[BlackElo "2657"]
[WhiteFideId "13400819"]
[BlackFideId "13402129"]
[EventDate "2018.05.01"]

1. e4 e5 2. Nf3 Nc6 3. Bb5 Nf6 4. O-O Nxe4 5. Re1 Nd6 6. Nxe5 Be7 7. Bf1 Nxe5 8.
Rxe5 O-O 9. d4 Bf6 10. Re1 Re8 11. Rxe8+ Nxe8 12. c3 d5 13. Bf4 c6 14. Nd2 g6 1/2-1/2

[Event "Nakhchivan Open 2018"]
[Site "Nakhchivan AZE"]
[Date "2018.05.08"]
[Round "7.2"]
[White "Tiviakov, Sergei"]
[Black "Sanal, Vahap"]
[Result "1-0"]
[WhiteTitle "GM"]
[BlackTitle "GM"]
[WhiteElo "2569"]
[BlackElo "2505"]
[WhiteFideId "1008013"]
[BlackFideId "6300545"]
[EventDate "2018.05.01"]

1. e4 e5 2. Nf3 Nc6 3. Bb5 a6 4. Ba4 Nf6 5. Qe2 b5 6. Bb3 Bc5 7. c3 O-O 8. d3 h6
9. h3 d5 10. g4 Be6 11. g5 dxe4 12. dxe4 Bxb3 13. axb3 hxg5 14. Bxg5 Qd6 15.
Nbd2 Nh7 16. Rg1 Nxg5 17. Rxg5 Nd8 18. b4 Bb6 19. O-O-O Ne6 20. Nc4 Qe7 21. Nxb6
Nxg5 22. Nd5 Qd8 23. Nxe5 Ne6 24. f4 Qh4 25. Qg4 Qh6 26. Qf5 Qh4 27. Qg4 Qh6 28.
Kc2 Rad8 29. f5 Ng5 30. h4 Rfe8 31. Qxg5 Qxg5 32. hxg5 Rd6 33. Nxc7 1-0

[Event "Nakhchivan Open 2018"]
[Site "Nakhchivan AZE"]
[Date "2018.05.08"]
[Round "7.3"]
[White "Ghaem Maghami, Ehsan"]
[Black "Guseinov, Gadir"]
[Result "1/2-1/2"]
[WhiteTitle "GM"]
[BlackTitle "GM"]
[WhiteElo "2531"]
[BlackElo "2654"]
[WhiteFideId "12500739"]
[BlackFideId "13401378"]
[EventDate "2018.05.01"]

1. e4 c5 2. Nf3 Nc6 3. d4 cxd4 4. Nxd4 g6 5. c4 Nf6 6. Nc3 d6 7. Be2 Bg7 8. Be3
O-O 9. O-O Bd7 10. Nb3 a5 11. Nd2 Nb4 12. Rc1 Bc6 13. f3 Nd7 14. a3 Na6 15. b3
Nac5 1/2-1/2

[Event "Nakhchivan Open 2018"]
[Site "Nakhchivan AZE"]
[Date "2018.05.08"]
[Round "7.4"]
[White "Smirin, Ilia"]
[Black "Bernadskiy, Vitaliy"]
[Result "1/2-1/2"]
[WhiteTitle "GM"]
[BlackTitle "GM"]
[WhiteElo "2592"]
[BlackElo "2589"]
[WhiteFideId "2801990"]
[BlackFideId "14100371"]
[EventDate "2018.05.01"]

1. e4 c5 2. Nf3 Nc6 3. Nc3 g6 4. d4 cxd4 5. Nxd4 Bg7 6. Nb3 d6 7. Be2 Bxc3+ 8.
bxc3 Nf6 9. f3 O-O 10. Bg5 Qc7 11. Nd4 Rd8 12. Nb5 Qa5 13. Bd2 Be6 14. c4 Qb6
15. Rb1 Nd4 16. Nxd4 Qxd4 17. Rxb7 Bxc4 18. Ba5 Qxd1+ 19. Kxd1 Rd7 20. Rb2 Rc8
21. Re1 e5 22. Kc1 d5 23. Bxc4 Rxc4 24. exd5 Rxd5 25. Bd2 Kg7 26. Be3 Ra5 27.
Bd2 1/2-1/2

[Event "Nakhchivan Open 2018"]
[Site "Nakhchivan AZE"]
[Date "2018.05.08"]
[Round "7.5"]
[White "Khenkin, Igor"]
[Black "Abbasov, Farid"]
[Result "1/2-1/2"]
[WhiteTitle "GM"]
[BlackTitle "GM"]
[WhiteElo "2557"]
[BlackElo "2531"]
[WhiteFideId "4659600"]
[BlackFideId "13400665"]
[EventDate "2018.05.01"]

1. d4 Nf6 2. c4 c6 3. Nf3 d5 4. Nc3 e6 5. Bg5 h6 6. Bxf6 Qxf6 7. e3 Nd7 8. Bd3
g6 9. O-O dxc4 10. Bxc4 Bg7 11. Re1 O-O 12. e4 e5 13. d5 Nb6 14. Bb3 Bg4 15. Re3
Rad8 16. h3 Bc8 17. Rd3 Rd7 18. Qe2 cxd5 19. exd5 Rdd8 20. Ne4 Qe7 21. d6 1/2-1/2

[Event "Nakhchivan Open 2018"]
[Site "Nakhchivan AZE"]
[Date "2018.05.08"]
[Round "7.6"]
[White "Pak, Yevgeniy"]
[Black "Korneev, Oleg"]
[Result "1-0"]
[WhiteTitle "IM"]
[BlackTitle "GM"]
[WhiteElo "2390"]
[BlackElo "2533"]
[WhiteFideId "14201712"]
[BlackFideId "4156803"]
[EventDate "2018.05.01"]

1. d4 Nf6 2. c4 e6 3. Nc3 d5 4. cxd5 exd5 5. Bg5 Be7 6. e3 c6 7. Bd3 Nbd7 8. Qc2
Nh5 9. Bxe7 Qxe7 10. Nge2 g6 11. O-O-O Nb6 12. h3 Ng7 13. g4 Be6 14. f3 O-O-O
15. Nf4 Kb8 16. Kb1 h5 17. Qf2 g5 18. Nfe2 Ka8 19. Ng3 hxg4 20. hxg4 Qd7 21. Qc2
f6 22. Ka1 Qd6 23. Nce2 Bc8 24. Qc1 Qe7 25. Nf5 Nxf5 26. gxf5 Rhe8 27. e4 g4 28.
e5 gxf3 29. Nf4 fxe5 30. Ng6 Qf7 31. Nxe5 Qf8 32. Qf4 Nd7 33. Nxf3 Nf6 34. Ne5
Qb4 35. a3 Qb3 36. Bb1 Rf8 37. Rd3 Qb5 38. Rh6 c5 39. dxc5 Qxc5 40. Rc3 Qd6 41.
Qd4 Qb6 42. Rc5 Rh8 43. Rxc8+ Rxc8 44. Qxb6 axb6 45. Rxf6 Rc1 46. Ka2 Rf1 47.
Rd6 Rh2 48. Rxd5 Rff2 49. Rb5 Ka7 50. Ng4 1-0

[Event "Nakhchivan Open 2018"]
[Site "Nakhchivan AZE"]
[Date "2018.05.08"]
[Round "7.7"]
[White "Beradze, Irakli"]
[Black "Firouzja, Alireza"]
[Result "0-1"]
[WhiteTitle "IM"]
[BlackTitle "IM"]
[WhiteElo "2486"]
[BlackElo "2570"]
[WhiteFideId "13604597"]
[BlackFideId "12573981"]
[EventDate "2018.05.01"]

1. d4 Nf6 2. c4 e6 3. Nf3 d5 4. Nc3 c6 5. e3 Nbd7 6. Bd3 dxc4 7. Bxc4 b5 8. Bd3
Bb7 9. O-O a6 10. e4 c5 11. d5 c4 12. Bc2 Qc7 13. dxe6 fxe6 14. Ne2 O-O-O 15.
Qe1 e5 16. Bd2 Re8 17. Ba5 Qc6 18. Nc3 b4 19. Nd5 Nxd5 20. exd5 Qb5 21. Bf5 Qxa5
22. Rc1 Qc7 23. Ng5 g6 24. Be6 Kb8 25. Qe2 Nb6 26. Nf7 Rg8 27. Rfd1 Bc5 28. Nxe5
Rgf8 0-1

[Event "Nakhchivan Open 2018"]
[Site "Nakhchivan AZE"]
[Date "2018.05.08"]
[Round "7.8"]
[White "Korobov, Anton"]
[Black "Muradli, Mahammad"]
[Result "1/2-1/2"]
[WhiteTitle "GM"]
[BlackTitle "IM"]
[WhiteElo "2678"]
[BlackElo "2417"]
[WhiteFideId "14105730"]
[BlackFideId "13409301"]
[EventDate "2018.05.01"]

1. d4 d5 2. Bf4 Nf6 3. Nf3 g6 4. c4 Bg7 5. Nc3 O-O 6. e3 c5 7. dxc5 Qa5 8. Rc1
dxc4 9. Bxc4 Nbd7 10. O-O Nxc5 11. a3 Be6 12. Qe2 Bxc4 13. Qxc4 Ne6 14. b4 Qf5
15. Bg3 Rac8 16. Qe2 Ne4 17. Nxe4 Qxe4 18. h3 h5 19. Rcd1 Bf6 20. Qd3 Qxd3 21.
Rxd3 Rfd8 22. Rfd1 Rxd3 23. Rxd3 Rd8 1/2-1/2

[Event "Nakhchivan Open 2018"]
[Site "Nakhchivan AZE"]
[Date "2018.05.08"]
[Round "7.9"]
[White "Mammadov, Sadig"]
[Black "Aleksandrov, Aleksej"]
[Result "1/2-1/2"]
[WhiteTitle "FM"]
[BlackTitle "GM"]
[WhiteElo "2293"]
[BlackElo "2594"]
[WhiteFideId "13408712"]
[BlackFideId "13500139"]
[EventDate "2018.05.01"]

1. e4 e5 2. Nf3 Nc6 3. Bb5 a6 4. Ba4 Nf6 5. d3 d6 6. c3 g6 7. O-O Bg7 8. Re1 O-O
9. Nbd2 b5 10. Bc2 Bb7 11. a4 Nd7 12. axb5 axb5 13. Rxa8 Qxa8 14. Nf1 Nc5 15.
Ng3 Ne6 16. Bb3 Na5 17. Bxe6 fxe6 18. Ng5 Qe8 19. Qg4 Bc8 20. Qh3 h6 21. Nf3 h5
22. Nf1 c5 23. Ng5 Qe7 24. Qg3 c4 25. Nf3 Qf7 26. Nh4 Kh7 27. Nf3 Bf6 28. Be3
cxd3 29. Ra1 Qc7 30. Ng5+ Kg7 31. Nd2 Nc6 32. Ndf3 Qe7 33. Nh4 Bd7 34. Nxe6+
Qxe6 35. Bh6+ Kf7 36. Qxg6+ Ke7 37. Nf5+ Kd8 38. Bxf8 d5 39. exd5 Qxf5 40. Qxf5
Bxf5 41. dxc6 Bg5 42. h4 Bxh4 43. Bh6 Kc7 44. Be3 Be4 45. Ra7+ Kxc6 46. Ra6+ Kd5
47. f3 Bf5 48. Rh6 Be7 49. Kf1 h4 50. Ke1 e4 51. Rh5 Ke6 52. f4 b4 53. Kd2 bxc3+
54. bxc3 Bf6 55. Bf2 Be7 56. Rh6+ Kf7 57. Bxh4 Kg7 58. Rh5 Bg4 59. Re5 Bxh4 60.
Rxe4 Bf5 61. Re3 Kg6 62. Rxd3 Bxd3 63. Kxd3 Kf5 64. Ke3 Bg3 1/2-1/2

[Event "Nakhchivan Open 2018"]
[Site "Nakhchivan AZE"]
[Date "2018.05.08"]
[Round "7.10"]
[White "Malakhatko, Vadim"]
[Black "Tahbaz, Arash"]
[Result "1/2-1/2"]
[WhiteTitle "GM"]
[BlackTitle "IM"]
[WhiteElo "2532"]
[BlackElo "2451"]
[WhiteFideId "14104202"]
[BlackFideId "12528846"]
[EventDate "2018.05.01"]

1. d4 Nf6 2. c4 e6 3. g3 d5 4. Nf3 Be7 5. Bg2 O-O 6. O-O dxc4 7. Ne5 Nc6 8. Nxc6
bxc6 9. Na3 Bxa3 10. bxa3 Ba6 11. Qd2 Rb8 12. Rd1 c5 13. Qa5 Bb7 14. Bxb7 Rxb7
15. Qxc5 Qd5 16. Bd2 Rb2 17. Bb4 Re8 18. Rd2 Rxd2 19. Bxd2 Qxc5 20. dxc5 Rb8 21.
Bc3 Ne4 22. Rc1 Nxc3 23. Rxc3 Rb2 24. Rxc4 Rxe2 25. Ra4 g5 26. Rxa7 c6 27. Rc7 1/2-1/2

[Event "Nakhchivan Open 2018"]
[Site "Nakhchivan AZE"]
[Date "2018.05.08"]
[Round "7.11"]
[White "Tutisani, Noe"]
[Black "Kotronias, Vasilios"]
[Result "1-0"]
[WhiteTitle "FM"]
[BlackTitle "GM"]
[WhiteElo "2460"]
[BlackElo "2518"]
[WhiteFideId "13602853"]
[BlackFideId "5900212"]
[EventDate "2018.05.01"]

1. e4 c5 2. Nc3 d6 3. Nf3 Nf6 4. d4 cxd4 5. Nxd4 a6 6. Be2 e5 7. Nb3 Be6 8. Be3
Nbd7 9. a4 Qc7 10. a5 Rc8 11. Bf3 Be7 12. O-O O-O 13. h3 h6 14. Qd2 Rfe8 15.
Rfd1 Kh8 16. Qe1 Qb8 17. Nc1 Bd8 18. Nd3 Bc4 19. b3 Be6 20. Nb4 Qc7 21. Na4 Qb8
22. Nc3 Qc7 23. Nb1 Nc5 24. Nd2 Qb8 25. c4 g5 26. Qe2 Rg8 27. Nd5 Ncd7 28. Nf1
g4 29. hxg4 Nxg4 30. Bd2 Nf8 31. Bb4 Rc6 32. Rd3 Qc8 33. Nde3 Nxe3 34. Nxe3 Ng6
35. Rxd6 Nf4 36. Qb2 Bf6 37. Kf1 Kh7 38. Nd5 Bxd5 39. exd5 Rxd6 40. Bxd6 Qf5 41.
Re1 Qd3+ 42. Be2 Qg6 43. g3 e4 44. Qd2 Nh3 45. c5 Qf5 46. Qe3 Bg5 47. Bg4 Qxg4
48. Qxe4+ f5 49. Qxg4 fxg4 50. Re4 Bd2 51. b4 Ng5 52. Re7+ Rg7 53. Rxg7+ Kxg7
54. c6 bxc6 55. dxc6 Ne6 56. b5 Bxa5 57. bxa6 Bb6 58. c7 Bxc7 59. a7 Bxd6 60.
a8=Q Ng5 61. Qd5 1-0

[Event "Nakhchivan Open 2018"]
[Site "Nakhchivan AZE"]
[Date "2018.05.08"]
[Round "7.12"]
[White "Asadli, Vugar"]
[Black "Gadimbayli, Abdulla"]
[Result "1-0"]
[WhiteTitle "IM"]
[BlackTitle "IM"]
[WhiteElo "2470"]
[BlackElo "2419"]
[WhiteFideId "13405764"]
[BlackFideId "13404938"]
[EventDate "2018.05.01"]

1. Nf3 Nf6 2. g3 d5 3. Bg2 c6 4. c4 Bg4 5. Ne5 Bf5 6. cxd5 cxd5 7. Nc3 Nc6 8.
Nxc6 bxc6 9. d3 e6 10. O-O Bg6 11. Be3 Be7 12. Rc1 O-O 13. Na4 Qc7 14. Bc5 Rfc8
15. Qd2 Rab8 16. Rc2 Rb5 17. Rfc1 Bxc5 18. Nxc5 Nd7 19. b4 Nxc5 20. Rxc5 Rxc5
21. Rxc5 a6 22. Qc3 Qb7 23. a3 h6 24. h4 Qd7 25. d4 f6 26. e3 Be8 27. Bf1 Qb7
28. Ra5 1-0

[Event "Nakhchivan Open 2018"]
[Site "Nakhchivan AZE"]
[Date "2018.05.09"]
[Round "8.1"]
[White "Pak, Yevgeniy"]
[Black "Tiviakov, Sergei"]
[Result "1/2-1/2"]
[WhiteTitle "IM"]
[BlackTitle "GM"]
[WhiteElo "2390"]
[BlackElo "2569"]
[WhiteFideId "14201712"]
[BlackFideId "1008013"]
[EventDate "2018.05.01"]

1. d4 Nf6 2. c4 e6 3. Nf3 b6 4. a3 Ba6 5. Qa4 Bb7 6. Nc3 Ne4 7. Qc2 Nxc3 8. Qxc3
Be7 9. Bf4 O-O 10. e3 c5 11. dxc5 bxc5 12. Be5 f6 13. Bg3 Nc6 14. Rd1 Rf7 15.
Be2 a5 16. O-O d6 17. Rd2 Qc7 18. Rfd1 Rd8 19. Ne1 f5 20. f3 e5 21. Nd3 Bf6 22.
Qc2 f4 23. exf4 Nd4 24. Qb1 e4 25. fxe4 Bxe4 26. Bf1 Re7 27. Re1 Rde8 28. Qd1
Qc6 29. b4 cxb4 30. axb4 axb4 31. Nxb4 Qc5 32. Bf2 Qxb4 33. Bxd4 Bc2 34. Rxe7
Bxd1 35. Rxe8+ Kf7 36. Rxd1 Bxd4+ 37. Rxd4 Kxe8 38. Rd5 Qb6+ 39. Kh1 Qf2 40. Rd1
Qxf4 41. Be2 g6 42. h3 Ke7 43. Kg1 h5 44. Rd3 Ke6 45. g3 Qe5 46. Kf2 Qf5+ 47.
Kg2 Qe4+ 48. Kf2 Qf5+ 49. Kg2 1/2-1/2

[Event "Nakhchivan Open 2018"]
[Site "Nakhchivan AZE"]
[Date "2018.05.09"]
[Round "8.3"]
[White "Smirin, Ilia"]
[Black "Mamedov, Nidjat"]
[Result "0-1"]
[WhiteTitle "GM"]
[BlackTitle "GM"]
[WhiteElo "2592"]
[BlackElo "2602"]
[WhiteFideId "2801990"]
[BlackFideId "13400819"]
[EventDate "2018.05.01"]

1. Nf3 d5 2. g3 Nf6 3. Bg2 c6 4. O-O Bf5 5. d3 e6 6. Nh4 Bg4 7. h3 Bh5 8. f4 Be7
9. Qe1 O-O 10. e4 dxe4 11. dxe4 Nfd7 12. Nc3 a5 13. Kh2 Na6 14. Nf3 Bxf3 15.
Rxf3 e5 16. h4 Nac5 17. Be3 b5 18. Bh3 Qc7 19. Bf2 Rad8 20. f5 h5 21. a3 Nf6 22.
b4 axb4 23. axb4 Nb7 24. Nb1 c5 25. Rc3 Ra8 26. Rxa8 Rxa8 27. bxc5 Ra1 28. Ra3
Rxa3 29. Nxa3 Bxc5 30. Nxb5 Bxf2 31. Qxf2 Qc4 32. Qb6 Nc5 33. Nd6 Qxc2+ 34. Bg2
Ng4+ 35. Kh3 Nd3 0-1

[Event "Nakhchivan Open 2018"]
[Site "Nakhchivan AZE"]
[Date "2018.05.09"]
[Round "8.4"]
[White "Bernadskiy, Vitaliy"]
[Black "Asadli, Vugar"]
[Result "1/2-1/2"]
[WhiteTitle "GM"]
[BlackTitle "IM"]
[WhiteElo "2589"]
[BlackElo "2470"]
[WhiteFideId "14100371"]
[BlackFideId "13405764"]
[EventDate "2018.05.01"]

1. e4 e5 2. Nf3 Nc6 3. Bb5 a6 4. Ba4 Nf6 5. O-O b5 6. Bb3 Bc5 7. c3 d6 8. d4 Bb6
9. a4 Rb8 10. a5 Ba7 11. Be3 Ra8 12. dxe5 Nxe5 13. Nxe5 dxe5 14. Qxd8+ Kxd8 15.
Bxa7 Rxa7 16. Bxf7 Nxe4 17. Bd5 Nf6 18. Bc6 Ke7 19. Na3 Rd8 20. Nc2 Rd6 21. Nb4
Bd7 22. Bxd7 Nxd7 23. Rad1 c5 24. Nd3 c4 25. Nb4 Nc5 26. Rxd6 Kxd6 27. f3 Ke6
28. Kf2 Rd7 29. Ke3 Rd6 30. f4 exf4+ 31. Rxf4 Rd1 32. Rh4 Re1+ 33. Kf3 Rf1+ 34.
Ke3 Re1+ 35. Kf3 Rf1+ 1/2-1/2

[Event "Nakhchivan Open 2018"]
[Site "Nakhchivan AZE"]
[Date "2018.05.09"]
[Round "8.5"]
[White "Firouzja, Alireza"]
[Black "Ghaem Maghami, Ehsan"]
[Result "1/2-1/2"]
[WhiteTitle "IM"]
[BlackTitle "GM"]
[WhiteElo "2570"]
[BlackElo "2531"]
[WhiteFideId "12573981"]
[BlackFideId "12500739"]
[EventDate "2018.05.01"]

1. e4 c6 2. Nf3 d5 3. Nc3 Nf6 4. e5 Ne4 5. Ne2 Qb6 6. d4 e6 7. Nfg1 f6 8. f3 Ng5
9. exf6 gxf6 10. f4 Nf7 11. Nf3 e5 12. fxe5 fxe5 13. Ng3 Be7 14. dxe5 O-O 15.
Qd2 Bg4 16. Qf4 Qb4+ 17. c3 Qxf4 18. Bxf4 Nd7 19. e6 Bxe6 20. Nd4 Rae8 21. Be2
Bd6 22. O-O Bxf4 23. Rxf4 Nfe5 24. Rxf8+ Nxf8 25. Nh5 Nfd7 26. Rf1 Bf7 27. b4
Bg6 28. a4 Nd3 29. Bxd3 Bxd3 30. Rf3 Bg6 31. Nf4 Be4 32. Rg3+ Kf7 33. a5 Ne5 34.
Rh3 Bg6 35. Re3 b6 36. axb6 axb6 37. Re2 Be4 38. Ra2 c5 39. Nb5 Nc4 40. Nc7 Re5
41. bxc5 bxc5 42. Na6 d4 43. cxd4 cxd4 44. Ra4 d3 45. Rxc4 d2 46. Rd4 Ra5 47.
Rxd2 Rxa6 48. Rd4 Bf5 49. Kf2 Kf6 50. Rd2 Ke5 51. Ne2 Ra3 52. Rb2 Kf6 53. Rb6+
Ke5 54. Rb5+ Kf6 55. Rc5 Be4 56. Nc3 Ba8 57. g4 Ra7 58. Kg3 Re7 59. Kf2 Kg7 60.
Nb5 Rf7+ 61. Kg3 Be4 62. Nd6 Re7 63. Kf4 Bg6 64. h4 h6 65. h5 Bd3 66. Rc3 Bb1
67. Rc4 Bd3 68. Rc6 Bb1 69. Nb5 Bd3 70. Nc7 Be4 71. Rc5 Bd3 72. Nd5 Rf7+ 73. Ke5
Be2 74. Rc6 Bd3 75. Nf4 Re7+ 76. Kd6 Re4 77. Ne6+ Kf7 78. Nd8+ Ke8 79. Ne6 Kf7
80. Nd8+ Ke8 81. Nb7 Rxg4 82. Ke6 Kf8 83. Nd6 Kg7 84. Ne8+ Kh8 85. Nf6 Rg8 86.
Nxg8 Kxg8 87. Rc3 Be4 88. Ke5 Bb1 89. Rg3+ Kh8 90. Kf6 Be4 91. Kf7 Bb1 92. Rg6
Kh7 93. Rb6 Bd3 94. Kf6 Kh8 95. Ke5 Kg7 96. Rb2 Kh8 1/2-1/2

[Event "Nakhchivan Open 2018"]
[Site "Nakhchivan AZE"]
[Date "2018.05.09"]
[Round "8.6"]
[White "Sanal, Vahap"]
[Black "Khenkin, Igor"]
[Result "1/2-1/2"]
[WhiteTitle "GM"]
[BlackTitle "GM"]
[WhiteElo "2505"]
[BlackElo "2557"]
[WhiteFideId "6300545"]
[BlackFideId "4659600"]
[EventDate "2018.05.01"]

1. e4 c6 2. d4 d5 3. Nc3 dxe4 4. Nxe4 Bf5 5. Ng3 Bg6 6. h4 h6 7. Nf3 Nd7 8. h5
Bh7 9. Bd3 Bxd3 10. Qxd3 e6 11. Bd2 Ngf6 12. O-O-O Bd6 13. Ne4 Nxe4 14. Qxe4 Nf6
15. Qe2 Bc7 16. c4 b5 17. Kb1 1/2-1/2

[Event "Nakhchivan Open 2018"]
[Site "Nakhchivan AZE"]
[Date "2018.05.09"]
[Round "8.7"]
[White "Abbasov, Farid"]
[Black "Tutisani, Noe"]
[Result "1/2-1/2"]
[WhiteTitle "GM"]
[BlackTitle "FM"]
[WhiteElo "2531"]
[BlackElo "2460"]
[WhiteFideId "13400665"]
[BlackFideId "13602853"]
[EventDate "2018.05.01"]

1. c4 Nf6 2. Nc3 e5 3. g3 Nc6 4. Bg2 g6 5. d3 Bg7 6. e4 O-O 7. Nge2 a6 8. O-O b5
9. cxb5 axb5 10. Nxb5 Ba6 11. Nec3 Rb8 12. a4 Nb4 13. Na2 Nxa2 14. Rxa2 d5 15.
Re1 c6 16. Nc3 d4 17. Nb1 Nd7 18. b4 Rxb4 19. Ba3 c5 20. Bxb4 cxb4 21. Bf1 Nc5
22. Nd2 Qd7 23. Nb3 Qd6 24. Nxc5 Qxc5 25. Qb3 Rc8 26. Qd5 Bf8 27. a5 Bd6 28. Rb1
Qxd5 29. exd5 Kf8 30. Be2 Ke7 31. Kf1 Rc3 32. Ke1 Kd8 33. Ra4 Kc7 34. Raxb4 Bxb4
35. Rxb4 Rc5 36. f4 1/2-1/2

[Event "Nakhchivan Open 2018"]
[Site "Nakhchivan AZE"]
[Date "2018.05.09"]
[Round "8.8"]
[White "Tahbaz, Arash"]
[Black "Korobov, Anton"]
[Result "0-1"]
[WhiteTitle "IM"]
[BlackTitle "GM"]
[WhiteElo "2451"]
[BlackElo "2678"]
[WhiteFideId "12528846"]
[BlackFideId "14105730"]
[EventDate "2018.05.01"]

1. e4 c5 2. Nf3 d6 3. Bb5+ Bd7 4. Bxd7+ Nxd7 5. O-O Ngf6 6. Qe2 Qc7 7. Na3 a6 8.
c3 Qc6 9. Re1 e6 10. d4 cxd4 11. cxd4 d5 12. e5 Ne4 13. Nc2 Rc8 14. Ne3 Be7 15.
Rd1 O-O 16. Ne1 f6 17. f3 Ng5 18. exf6 Nxf6 19. Nf5 exf5 20. Bxg5 Rce8 21. Nd3
Bd6 22. Qd2 Qc7 23. Bf4 Bxf4 24. Nxf4 Qb6 25. Re1 Rxe1+ 26. Rxe1 Rc8 27. Re7 Rc7
28. Rxc7 Qxc7 29. Qe3 Qc6 30. h3 h6 31. Qe5 Qd7 32. Ne6 Kf7 33. Nc5 Qc8 34. Qd6
Qe8 35. Kh2 Qe3 36. Qc7+ Kg6 37. Qg3+ Kf7 38. Qc7+ Kg6 39. Nxb7 Qxd4 40. Nd8
Qxb2 41. Qf7+ Kh7 42. Ne6 Qb8+ 43. f4 Qg8 44. Qe7 Kh8 45. Kg1 Ne4 46. g4 d4 47.
gxf5 d3 48. Kh2 d2 49. Qd7 Kh7 50. Kg1 Qf7 51. Qd4 Qf6 52. Qd5 h5 53. Kg2 Qb2
54. Kf3 Qc2 55. Nf8+ Kh6 0-1

[Event "Nakhchivan Open 2018"]
[Site "Nakhchivan AZE"]
[Date "2018.05.09"]
[Round "8.9"]
[White "Aleksandrov, Aleksej"]
[Black "Pasiev, Rakhim"]
[Result "1/2-1/2"]
[WhiteTitle "GM"]
[BlackTitle "IM"]
[WhiteElo "2594"]
[BlackElo "2416"]
[WhiteFideId "13500139"]
[BlackFideId "24122475"]
[EventDate "2018.05.01"]

1. d4 e6 2. c4 f5 3. g3 Nf6 4. Bg2 d5 5. Nh3 c6 6. O-O Bd6 7. Bf4 Be7 8. Qa4 Qb6
9. c5 Qxb2 10. Nd2 Qb5 11. Qxb5 cxb5 12. Rfb1 Nc6 13. e3 a6 14. Nf3 Ne4 15. Ne5
Nc3 16. Nxc6 bxc6 17. Rb3 Ne2+ 18. Kf1 Nxf4 19. Nxf4 a5 20. Nd3 Kd7 21. h4 Kc7
22. f4 Bd7 23. Kf2 Be8 24. Bf3 Bf6 25. a3 Bd7 26. Be2 g6 27. Rh1 h6 28. Rb2 Kd8
29. Rbb1 Ke7 30. Rb2 Rag8 31. Rh2 Rg7 32. Rb1 1/2-1/2